000 00838nac a22002051u 4500
010 _a 2005042190
020 _a0131467042 (alk. paper)
082 0 0 _a658.45
_bM929
090 _c2316
_d2316
100 _aMunter, Mary.
245 1 0 _aGuide to managerial communication :
_beffective business writing and speaking /
_cby Mary Munter.
250 _a7th ed.
260 _aUpper Saddle River, NJ :
_bPearson/Prentice Hall,2006
_c2006.
300 _ax, 193 p. :
_bill. ;
_c21 cm.
504 _aIncludes bibliographical references (p. 179-182) and index.
650 0 _aBusiness communication.
650 0 _aCommunication in management.
942 _cBB
_k658.45M929
999 _c2316
_d2316